000 00320nam a2200133Ia 4500
008 240624s9999 xx 000 0 und d
041 _aeng
082 _a355.02 TZU
100 _aTZU SUN
245 _aART OF WAR
260 _c2011
_aNew Delhi
_bHarperCollins
300 _aviii, , 96 , 18 : p. : cm.
365 _cRS
_b25
999 _c18425
_d18425